United States. Tax Court. Reports

Bibliographic Details
Format: Unknown
Language:English
Published: Washington : Superintendent of Documents
Subjects:
Online Access:Acceso restringido

MARC

LEADER 00000ny a22000003n 4500
005 20110512131249.0
008 100322d19uu9999us fr f0 a0eng
022 0 |a 0040-0017 
035 |a 3918 
040 |a DLC  |c NhD  |d vLex 
090 |c 1786  |d 1786 
245 0 0 |a United States. Tax Court. Reports  |h [Recurso electrn̤ico] 
246 3 0 |a Reports of the Tax Court of the United States 
246 3 0 |a Tax Court of the United States reports 
256 |a Servicio en ln̕ea 
260 |a Washington :  |b Superintendent of Documents 
310 |a Bimestral 
506 1 |a Contenido solo disponible en los productos indicados  |d vLex Global  |d vLex Global (Academic Edition, excluding Law Schools)  |d vLex Global (U.S. Academic Edition, excluding Law Schools) 
650 0 4 |a Taxes  |2 Tesauro vLex 
740 0 |a vLex Revista (Servicios en ln̕ea) 
843 |a Electrn̤ica. Cerrada 
853 |8 1  |i (year)  |j (month)  |k (day) 
856 4 0 |u http://vlex.com/source/3918  |z Acceso restringido 
942 |c REV 
999 0 |a Law reports, digests, etc.  |z United States. 
999 0 |a Taxation  |z United States  |v Cases.